Les chansons sur la nature - Statistiques

Statistiques générales
  • Ce quiz a été pris 77 fois
  • Le résultat moyen est 19 sur 55
Statistiques - réponses
Interprètes Chansons % Correct
Animal Barbara L'{Aigle} noir
85%
Sélénée Indochine J'ai {demandé à la Lune}
83%
Averse Blues trottoir Un soir de {pluie}
82%
Saison Francis Cabrel C'était l'{hiver}
80%
Saison Jacques Brel Au {printemps}
77%
Météo Stéphanie de Monaco Comme un {ouragan}
75%
Animal Pow wow Le {Chat}
74%
Saison Tété A la faveur de {l'automne}
68%
Végétal Laurent Voulzy Le pouvoir {des fleurs}
68%
Ra Charles Trenet Le {Soleil} et la Lune
66%
Animal Pierre Perret La cage {aux oiseaux}
65%
Animal Michel Fugain Fais comme {l'oiseau}
63%
Animal Georges Brassens Le {Gorille}
62%
Végétal Yannick Noah {Aux arbres} citoyens
60%
Végétal Yves Montand Les feuilles {mortes}
60%
Animal Marie Myriam L'Oiseau {et l'Enfant}
60%
Rural Tryo L'hymne {de nos campagnes}
58%
Terre Christophe Maé Ma {terre}
52%
Sélénée Zazie Dans la {lune}
49%
Terre Claude Nougaro Planète {bleue}
43%
Ra Tri Yann Le soleil {noir}
42%
Animal Tri Yann La jument {de Michao}
35%
Animal Nino Ferrer M {Mirza}
35%
Salée Antoine Touchez pas {à la mer}
35%
Végétal Georges Brassens Auprès {de mon arbre}
34%
Eminence Jean Ferrat La {Montagne}
31%
Animal Henri Salvador Le {lion est mort ce soir}
29%
Catastrophe Francis Lalanne Marée {noire}
29%
Animal Georges Brassens La chasse {aux papillons}
26%
Animal Beau dommage La complainte du {phoque en Alaska}
26%
Animal Serge Reggiani Les {loups sont entrés} dans Paris
22%
Planté Jacques Dutronc Le petit {jardin}
20%
Végétal Maxime Le Forestier Comme {un arbre dans} la ville
18%
Animal Jacques Brel Le {Cheval}
18%
Animal Gérard Lenorman Le gentil {dauphin triste}
18%
Saison Hugues Aufray Dès que le {printemps revient}
17%
Planté Pierre Perret Donnez-nous {des jardins}
17%
Habitat Nino Ferrer La maison {près de la fontaine}
17%
Saison Jean Ferrat Les {Saisons}
17%
Animal Richard Gotainer Le {Youki}
17%
Animal Charles Trenet Les {oiseaux} de Paris
14%
Animal Line Renaud Le {chien dans la vitrine}
11%
Animal Henri Salvadoir Le loup, la {biche et le chevalier}
11%
Animal Michel Polnareff Je suis {une mouche}
9%
Animal Renaud Le petit {chat est mort}
8%
Animal Bourvil Les {Abeilles}
8%
Animal Charles Trenet Vous oubliez {votre cheval}
8%
Catastrophe Alain Bashung Le dimanche {à Tchernobyl}
5%
Animal Serge Gainsbourg Cha cha cha {du loup}
3%
Animal Yves montant Le chat {de la voisine}
3%
Avec des ailes Alain Barrière Avion {béton camion}
2%
Sélénée Dalida Le {petit clair de Lune}
2%
Sélénée Guy Béart Les {enfants sur la Lune}
2%
Animal Richard Gotainer Tout {foufou}
2%
Catastrophe Gérard de Palmas La {Malédiction}
0%
Aucun quiz correspondant
Distribution des résultats
% des personnes avec chaque résultat
Percentile par nombre de réponses
Votre historique - résultats
Vous n’avez pas pris ce quiz